000 00744nam a22002177a 4500
999 _c10863
_d10863
003 AR-CdUCM
008 190329b ||||| |||| 00| 0 spa d
040 _aMUNICIPALIDAD PROVINCIAL DEL CUSCO
_cBIBLIOTECA MUNICIPAL DEL CUSCO
082 _aES / 370.2 /
_bM19
100 _aMálaga Cornejo, Héctor
_927916
245 _aLa Escuela y la Vida :
_bLibro de Lectura para Tercer Año /
260 _aBuenos Aires :
_bKapelusz & Cía ;
_c1947.
300 _a182 páginas ;
_c20cm
500 _aEdición especial para Perú
505 _aContenido: Lecturas para primaria
650 _aEducación primaria
_91561
650 _aLecturas infantiles
_927390
700 _aToro y Gómez, Clara de
_927917
942 _2ddc
_cLIBROS
945 _anom